Normal view
MARC view
- URDU POETRY-KULIYAT-E-IQBAL. IQBAL-BANGEDARA.IQBAL-BALEY JIBRAEEL. IQBAL-ZERB-E-KALEEM.IQBAL-ARMAGANE-E-HIJAZ.IQBAL-BOOKS.IQBALIAT
Entry Topical Term
001 - CONTROL NUMBER
- control field: 68595
003 - CONTROL NUMBER IDENTIFIER
- control field: NUST
005 - DATE AND TIME OF LATEST TRANSACTION
- control field: 20210628204055.0
008 - FIXED-LENGTH DATA ELEMENTS
- fixed length control field: 210628|| aca||aabn | a|a d
040 ## - CATALOGING SOURCE
- Original cataloging agency: NUST
- Transcribing agency: NUST
150 ## - HEADING--TOPICAL TERM
- Topical term or geographic name entry element: URDU POETRY-KULIYAT-E-IQBAL. IQBAL-BANGEDARA.IQBAL-BALEY JIBRAEEL. IQBAL-ZERB-E-KALEEM.IQBAL-ARMAGANE-E-HIJAZ.IQBAL-BOOKS.IQBALIAT
670 ## - SOURCE DATA FOUND
- Source citation: Work cat.: (NUST): Dr Muhammad Iqbal 29806, Kuliyat-e-iqbal, 2009
